00493nam a2200145Ia 4500003000900000008004100009040001600050080002000066100001600086245013700102260004800239300001500287650002600302650001900328IN-BaIIA211028s9999 xx 000 0 eng d cIIA Library a083:535.33bKEL aKelly, R. L 0aAtomic emission lines in the near ultavioletbhydrogen through krypt.oncR. L. Kelly  aMarylandbGoddard Space Flight Centrec1979 aiii, 400p. aAtomic emission lines aNASA thesaurus